000 00678nam a2200217 i 4500
001 C2-0301629
003 PPAK
005 20180728082900.0
008 091217s my a|||| ||||| | may d
040 _aPPAK
_beng
_cPPAK
_erda
082 0 4 _a027
_223
090 0 0 _a027
_bPER
_dKK
245 0 0 _aArtikel-artikel mengenai Perbadanan Perpustakaan Awam Kedah
264 1 _aAlor Setar, Kedah :
_bPerbadanan Perpustakaan Awam Kedah ,
_c[date of publication not identified]
300 _a[n.p.] :
_billustrations ;
_c30 cm
336 _2rdacontent
_atext
337 _2rdamedia
_aunmediated
338 _2rdacarrier
_avolume
650 1 0 _aPublic libraries - Kedah
942 _ddc
_cB
999 _c105407
_d105407